<The> Role of inter- and intraindustry trade in technology diffusion

Guardado en:
Detalles Bibliográficos
Autor principal: Hakura, Dalia
Otros Autores: Jaumotte, Florence
Formato: Libro
Lenguaje:inglés
Publicado: Washington International Monetary Fund 1999
Colección:IMF working paper WP/99/58
Materias:
Etiquetas: Agregar Etiqueta
Sin Etiquetas, Sea el primero en etiquetar este registro!

MARC

LEADER 00000nam a2200000 4500
001 c116319
005 20221221083530.4
041 0 |a eng 
044 |a US 
245 1 0 |a <The> Role of inter- and intraindustry trade in technology diffusion  |c Prepared by Dalia Hakura and Florence Jaumotte 
264 1 |a Washington  |b International Monetary Fund  |c 1999 
300 |a 29 s. 
490 1 |a IMF working paper  |v WP/99/58 
830 0 |a IMF working paper  |v WP/99/58 
610 2 0 |a technológia 
610 2 0 |a priemysel 
610 2 0 |a obchod 
610 2 0 |a politika obchodná 
610 2 0 |a analýzy 
610 2 0 |a údaje štatistické 
610 2 0 |a porovnanie medzinárodné 
610 2 0 |a dovoz 
610 2 0 |a regresia 
610 2 0 |a tovar priemyselný 
100 1 |a Hakura, Dalia 
700 1 |a Jaumotte, Florence